000 01040cam a2200337 4500
001 ABS65050
008 020123n2001 000 0 eng u
035 _a(Sirsi) u116398
100 _aKhatri, M
245 _aEconomics monitor
260 _c2001
490 _aRICS European Alert
_vNovember 2001, 6-7(2)
520 _aAn overview by the RICS Economics Unit of the European residential property market. Looks at the RICS 'euro-zone' residential prices index, the importance of the housing market to the economy, house price changes in 2001 and over the last 15 years, and housing market forecasts.
590 _aABS
650 _aHOUSING MARKET
650 _aRICS
650 _aHOUSE PRICES
650 _aECONOMY
650 _aRESIDENTIAL PROPERTY
_96266
650 _aEUROPE
650 _aGERMANY
650 _aSPAIN
650 _aITALY
650 _aNETHERLANDS
650 _aBELGIUM
650 _aFORECASTS
690 _aINTERNATIONAL-EUROPE
700 _aEmmett, R
700 _aHicks, F
942 _n0
999 _c69326
_d69326